ბათუმის შოთა რუსთაველის სახელმწიფო უნივერსიტეტის ბიბლიოთეკა

ალარმინების როლი ინტერსტიციული ცისტიტის ეტიოპათოგენეზები / (ბიბ.ჩანაწერი № 51808)

000 -ლიდერი
ფიქსირებული სიგრძის საკონტროლო ველი 01556nam a2200253Ia 4500
001 - საკონტროლო ნომერი
საკონტროლო ველი 18803
003 - საკონტროლო ნომრის იდენტიფიკატორი
საკონტროლო ველი GE_BSU
005 - ბოლო ოპერაციის თარიღი და დრო
საკონტროლო ველი 20210412172934.0
008 - ფიქსირებული სიგრძის მონაცემთა ელემენტები - ზოგადი ინფორმაცია
ფიქსირებული სიგრძის საკონტროლო ველი 181216s2015||||ge |||||||||||||| ||geo||
040 ## - კატალოგიზაციის წყარო
Transcribing agency GE_BSU
041 ## - ენის კოდი
Language code of text/sound track or separate title geo
080 ## - უნივერსალური ათობითი კლასიფიკაციის ინდექსი
Universal Decimal Classification number 61 ქ-70
100 ## - მთავარი ჩანაწერი - პიროვნების სახელი
Personal name ქოჩიაშვილი, გიორგი
9 (RLIN) 11248
245 ## - ცნობა სათაურის შესახებ
Title ალარმინების როლი ინტერსტიციული ცისტიტის ეტიოპათოგენეზები /
Statement of responsibility, etc გიორგი ქოჩიაშვილი; სამეცნიერო ხელმძღვანელი: დავით ქოჩიაშვილი; თბილისის სახელმწიფო სამედიცინო უნივერსიტეტი.
264 ## - წარმოების, გამოცემის, დისტრიბუციის და სხვა ცნობები
გამოცემის, წარმოების, დისტრიბუციის... ადგილი თბილისი,
გამოცემის, წარმოების, დისტრიბუციის... თარიღი 2015.
300 ## - ფიზიკური აღწერა
Extent 185 გვ.
Other physical details 30 სმ.
504 ## - BIBLIOGRAPHY, ETC. NOTE
Bibliography, etc გამოყენებული ლიტერატურა: გვ. 159-185
653 ## - INDEX TERM--UNCONTROLLED
Uncontrolled term ალარმინების როლი ინტერსტიციული ცისტიტის ეტიოპათოგენეზები
653 ## - INDEX TERM--UNCONTROLLED
Uncontrolled term დისერტაცია
653 ## - INDEX TERM--UNCONTROLLED
Uncontrolled term მედიცინა
700 ## - ADDED ENTRY--PERSONAL NAME
Personal name ქოჩიაშვილი, დავით.
Relator term სამეცნიერო ხელმძღვანელი
9 (RLIN) 11249
710 ## - ADDED ENTRY--CORPORATE NAME
Corporate name or jurisdiction name as entry element თბილისის სახელმწიფო სამედიცინო უნივერსიტეტი
9 (RLIN) 9697
942 ## - ADDED ENTRY ELEMENTS (KOHA)
Koha item type წიგნი
Source of classification or shelving scheme
ეგზემპლარები
ჩამოწერის სტატუსი დაკარგული ეგზემპლარის სტატუსი კლასიფიკაციის წყარო ან თაროზე გაწყობის სქემა დაზიანების სტატუსი არ გაიცემა მუდმივი მდებარეობა (დაცვის ადგილი) ამჟამინდელი ადგილსამყოფელი თაროზე განთავსების ადგილი შეძენის თარიღი სრული შენახვის შიფრი შტრიხკოდი ბოლო ოპერაციის თარიღი ეგზემპლარის მიმდევრობითი ნომერი (კეტერი?) ფასის ძალაში შესვლის თარიღი ეგზემპლარის სახეობა
          ბათუმის შოთა რუსთაველის სახელმწიფო უნივერსიტეტის მთავარი ბიბლიოთეკა ბათუმის შოთა რუსთაველის სახელმწიფო უნივერსიტეტის მთავარი ბიბლიოთეკა წიგნსაცავი 2018-12-17 61 ქ-70 222 დისერტ. 2018-12-17 222 2018-12-17 დისერტაცია